000 nam a22 a 4500
999 _c158
_d158
003 AKMAL
005 20170421103531.0
008 960913s1996 my d 00 may d
020 _a9676105864:
_cRM 49.90
040 _aAKMAL
082 0 4 _a418.02030 KAM
090 _a418.02030
_bKAM
100 _aAinon Mohd,
_d1950-
_9387
245 1 0 _aKamus terjemahan Inggeris-Melayu = English -Malay translation dictionary /
_csusunan Ainon Mohd, Abdullah Hassan
260 _aKuala Lumpur :
_bUtusan Publications & Distributors ,
_c1996
300 _axiv, 879ms. ;
_c23cm
650 _aTranslations
_xDictionaries
_9388
650 _aTranslations
_xDictionaries
_xMalay
_9389
700 0 _aAbdullah Hassan,
_d1942-
_9341
740 2 _aEnglish-Malay translation dictionary
942 _2ddc
_cBOOK